Predpoklady adaptácie slovenského poisťovníctva v rámci európskeho finančného trhu

Gespeichert in:
Bibliographische Detailangaben
1. Verfasser: Meluchová, Jitka, 1965-
Weitere Verfasser: Juhászová, Zuzana, 1970-
Format: Buchkapitel
Sprache:Slowakisch
Tags: Tag hinzufügen
Keine Tags, Fügen Sie das erste Tag hinzu!

MARC

LEADER 00000naa$a2200000$$$4500
001 0086608
005 20240502083228.3
041 0 |a slo 
044 |a CZ 
245 1 0 |a Predpoklady adaptácie slovenského poisťovníctva v rámci európskeho finančného trhu  |c Jitka Meluchová, Zuzana Juhászová 
100 1 |a Meluchová, Jitka, 1965- 
700 1 |a Juhászová, Zuzana, 1970-